Introduction. Conceptual and methodological innovations in Social Statistics /
Uloženo v:
| Hlavní autor: | |
|---|---|
| Další autoři: | |
| Médium: | Text |
| Témata: | |
| Tagy: |
Přidat tag
Žádné tagy, Buďte první, kdo vytvoří štítek k tomuto záznamu!
|
MARC
| LEADER | 00000 a a2200000 04500 | ||
|---|---|---|---|
| 001 | 4705 | ||
| 003 | |||
| 040 | |||
| 100 | |a Bernard, Paul | ||
| 245 | |a Introduction. Conceptual and methodological innovations in Social Statistics / |c Paul Bernard | ||
| 650 | |a CIENCIAS SOCIALES | ||
| 650 | |a ANALISIS ESTADISTICO | ||
| 650 | |a METODOS DE INVESTIGACION | ||
| 700 | |a McDaniel, Susan | ||
| 773 | |g volumen 51, número 5; páginas 477-481 | ||
| 999 | |c 20861 |d 20861 | ||
